000 00585nam a22002177a 4500
003 UA-OsUOA
001 71585
007 ta
008 20101123b un ||||| |||| 00| 0 ukr d
100 _aЛеп'явко С.
090 _a94(477)
_bЛ48
942 _cSA
040 _aUA-OsUOA
_bukr
_cUA-OsUOA
_dUA-OsUOA
245 _aКриваві землі: Євпропа між Гітлнром і Сталіним
300 _aС.5
955 _a0
041 _aukr
080 _a94(477)
773 0 _w71584
650 7 _a9 Географія. Біографії. Історія
_2UDC
999 _c357880
_d357880